2016 NBA Finals Quiz - Statistics

General Stats
  • This quiz has been taken 1,241 times
    1,235 since last reset
  • The average score is 15 of 24
Answer Stats
Question Answer % Correct
Who Won the 2016 NBA Finals? Cavaliers
99%
What NBA player was named Finals MVP? LeBron James
98%
What Player Threw his Mouth Piece in Game 6? Stephen Curry
87%
Warriors Wins for the Season 73
82%
Who Scored the Final Points for Golden State? Klay Thompson
78%
How many people have had Triple Doubles in game 7 of the finals now? 3
77%
Who Scored the first 2 points of the game? Tristan Thompson
76%
LeBron James led both teams in these 5 Stats Points
74%
3 Rebounds
73%
5 Blocks
72%
4 Steals
72%
Cavaliers Wins for the Season 57
71%
2 Assists
69%
What Player was blocked by Lebron at the end of the game? Andre Iguodala
63%
How Many Seconds were on the Clock when Kyrie Irving made The Shot? 53
59%
How Many Years has Cleveland waited for a Championship? 52
58%
Which Player suffered a Concussion in game 2? Kevin Love
57%
What is the Warriors Arena called? Oracle Arena
43%
What was the Final Score of Game 7? 93-89
42%
What is The Cavaliers Arena called? The Q
31%
Which Player played on Both Finals Teams in the same Season? Anderson Varejão
28%
What player suffered a season ending injury in The Finals? Andrew Bogut
27%
How much time was on the clock when LeBron made a game saving Block? 1:51
13%
What caster was the only one who chose the right winner? Paul Pierce
3%
No matching quizzes found
Score Distribution
Percent of People with Each Score
Percentile by Number Answered
Your Score History
You have not taken this quiz since the last reset